How to increase reading ability : A guide to individualized and remedial methods

Book is a full guide to individualized and remedial methods

Na minha lista:
Detalhes bibliográficos
Autor principal: Harris, Albert Josiah
Formato: Livro
Idioma:Undetermined
Publicado em: New York David McKay Company 1969
Assuntos:
Tags: Adicionar Tag
Sem tags, seja o primeiro a adicionar uma tag!
Thư viện lưu trữ: Trung tâm Học liệu Trường Đại học Cần Thơ
LEADER 00661nam a2200205Ia 4500
001 CTU_220549
008 210402s9999 xx 000 0 und d
082 |a 372.4 
082 |b H313 
100 |a Harris, Albert Josiah 
245 0 |a How to increase reading ability : 
245 2 |b A guide to individualized and remedial methods 
245 0 |c Albert J. Harris 
260 |a New York 
260 |b David McKay Company 
260 |c 1969 
520 |a Book is a full guide to individualized and remedial methods 
650 |a Reading (Elementary),Đọc hiểu (cơ bản) 
904 |i Nguyên 
980 |a Trung tâm Học liệu Trường Đại học Cần Thơ